000
00295nam a2200133Ia 4500
008
221030s9999 xx 000 0 und d
041
_a
English
082
_a
105.23
100
_a
Excel Editors
245
0
_a
Cases In Management
_c
by Excel Editors
260
_c
0
650
_a
Mb
942
_c
BK
999
_c
10790
_d
10790